Sister Cities of Saudi Arabia - Statistics

General Stats
  • This quiz has been taken 25 times
  • The average score is 5 of 10
Answer Stats
Saudi Arabian City Country Sister City % Correct
Jeddah Baku
93%
Jeddah Istanbul
80%
Jeddah Taipei
80%
Jeddah Jakarta
73%
Jeddah Karachi
73%
Jeddah Almaty
53%
Jeddah Oran
47%
Jeddah Plovdiv
33%
Jeddah Kuching
0%
Jeddah Marbella
0%
No matching quizzes found
Score Distribution
Percent of People with Each Score
Percentile by Number Answered
Your Score History
You have not taken this quiz